Business in regeneration (Record no. 70602)

MARC details
000 -LEADER
fixed length control field 00866cam a2200205 4500
001 - CONTROL NUMBER
control field WB3823-21
008 - FIXED-LENGTH DATA ELEMENTS--GENERAL INFORMATION
fixed length control field 020627n2002 000 0 eng u
035 ## - SYSTEM CONTROL NUMBER
System control number (Sirsi) u118558
245 ## - TITLE STATEMENT
Title Business in regeneration
260 ## - PUBLICATION, DISTRIBUTION, ETC.
Date of publication, distribution, etc. 2002
490 ## - SERIES STATEMENT
Series statement Planning in London
Volume/sequential designation (41) April/June 2002, 3(1)
520 ## - SUMMARY, ETC.
Summary, etc. London First has launched a business task force to tackle regeneration in the capital. The aim is to involve the business community in delivering regeneration projects in areas such as housing and environment. The task force also aims to co-ordinate national, regional and local government initiatives, the public and private sectors and the communities involved.
590 ## - LOCAL NOTE (RLIN)
Local note WB
650 ## - SUBJECT ADDED ENTRY--TOPICAL TERM
Topical term or geographic name entry element LONDON
650 ## - SUBJECT ADDED ENTRY--TOPICAL TERM
Topical term or geographic name entry element URBAN REGENERATION
650 ## - SUBJECT ADDED ENTRY--TOPICAL TERM
Topical term or geographic name entry element REGENERATION PROGRAMMES
650 ## - SUBJECT ADDED ENTRY--TOPICAL TERM
Topical term or geographic name entry element BUSINESS COMMUNITY
690 ## - LOCAL SUBJECT ADDED ENTRY--TOPICAL TERM (OCLC, RLIN)
Topical term or geographic name as entry element REGENERATION
942 ## - ADDED ENTRY ELEMENTS (KOHA)
Suppress in OPAC 0
Holdings
Withdrawn status Lost status Source of classification or shelving scheme Damaged status Not for loan Home library Current library Shelving location Date acquired Total Checkouts Full call number Barcode Date last seen Copy number Price effective from Koha item type
    Dewey Decimal Classification     London London News article 27/06/2002   WB3823-21 118558-1001 06/08/2019 1 06/08/2019 News article